000 00433nam a2200181Ia 4500
001 633
005 20260306140532.0
008 260306t2004||||xx |||||||||||||| ||spa||
041 _aESP
082 _a128
_bS79 V. 5
100 _aStein, Edith
_eAUT
245 0 _aEscritos espirituales :
_b(en el Carmelo Teresiano: 1933-1942
260 _c2004
300 _a
_c23 cm.
650 _aGEN
654 _aCHU
942 _cLIB
_dJUS
_fJUS
_2ddc
_n
999 _c633
_d633